Atlas of clinical ophthalmology

Bibliographic Details
Other Authors: Spalton, David J. (Compiler)
Format: Book
Language:English
PhysicalDescription:722 s. ilustr., sch., fotogr. 32 cm 1 CD
Published: Philadelphia Elsevier Mosby 2005
ISBN:0323036562 (viaz.)
Edition:3rd ed.
Subjects:

MARC

LEADER 00000nam a2200000 a 4500
001 vtls008840296
003 SK-MaSNL
005 20260301053919.0
008 060818s2005 xxuo f 001 0 eng
020 |a 0323036562 (viaz.) 
040 |a SNK  |b slo  |c SNK  |e AACR2 
041 0 |a eng 
044 |a us  |c US 
072 7 |a 617  |x Ortopédia. Chirurgia. Oftalmológia  |2 konspekt 
080 |a 617.7  |2 2001 
080 |a (084.42)  |2 2001 
245 0 0 |a Atlas of clinical ophthalmology  |c edited by David J. Spalton ... [et al.] 
250 |a 3rd ed. 
260 |a Philadelphia  |b Elsevier Mosby  |c 2005 
300 |a 722 s.  |b ilustr., sch., fotogr.  |c 32 cm  |e 1 CD 
650 0 7 |a oftalmológia  |2 SNKPH  |9 910 
650 0 7 |a očné choroby  |2 SNKPH  |9 1166 
650 0 7 |a Ophthalmology  |2 SNKPHeng  |9 268335 
650 0 7 |a Eye diseases  |2 SNKPHeng  |9 305697 
655 7 |a atlasy  |2 SNKPH  |9 70424 
655 7 |a Atlases  |2 SNKPHeng  |9 280087 
700 1 |a Spalton, David J.  |4 com  |9 365099 
919 |a 0-3230-3656-2 
999 |c 609596  |d 611526 
952 |t snkATL 617.7(084.42) príl.  |a SNKMST  |b SNKMST  |y PREZ  |7 0  |p 17A0510273  |o snkIB 71354/pril.  |i snk2006/16347  |8 3  |3 1 CD-ROM  |z Príloha  |0 0  |1 0  |4 0  |d 2006-08-18  |l 0  |r 2025-08-12 00:00:00  |w 2026-02-23 
952 |t snkATL 617.7(084.42)  |a SNKUST  |b SNKUST  |y PREZ  |7 0  |p 17A0510256  |o snkIB 71354  |i snk2006/16347  |8 3  |g 395.01  |3 Príloha: 1 CD-ROM  |0 0  |1 0  |4 0  |d 2006-08-18  |l 0  |r 2025-05-28 00:00:00  |w 2026-02-23